Álbum poético (Record no. 21697)
[ view plain ]
| 000 -LEADER | |
|---|---|
| campo de control de longitud fija | 00839nam a2200205 i 4500 |
| 001 - NÚMERO DE CONTROL | |
| campo de control | 21697 |
| 003 - IDENTIFICADOR DE NÚMERO DE CONTROL | |
| campo de control | ES-MaACL |
| 005 - FECHA Y HORA DE LA ÚLTIMA TRANSACCIÓN | |
| campo de control | 20230906152528.0 |
| 007 - CAMPO FIJO DE DESCRIPCIÓN FÍSICA--INFORMACIÓN GENERAL | |
| campo de control de longitud fija | t| |
| 008 - DATOS DE LONGITUD FIJA--INFORMACIÓN GENERAL | |
| campo de control de longitud fija | 021127s1884 sp ap |||| | spa d |
| 245 00 - MENCIÓN DEL TÍTULO | |
| Título | Álbum poético |
| Resto del título | : colección de composiciones inéditas de los más notables escritores de España, ilustradas con magníficos grabados. |
| 260 ## - PUBLICACIÓN, DISTRIBUCIÓN, ETC. | |
| Lugar de publicación, distribución, etc. | Barcelona : |
| Nombre del editor, distribuidor, etc. | Ramón Molinas, |
| Fecha de publicación, distribución, etc. | 1884. |
| 300 ## - DESCRIPCIÓN FÍSICA | |
| Extensión | 199 p. : |
| Otras características físicas | il. ; |
| Dimensiones | 27 cm. |
| 530 ## - NOTA DISPONIBLE DE FORMULARIO FÍSICO ADICIONAL | |
| Nota de formato físico adicional disponible | Disponible en formato digital. |
| 594 ## - Nota al título y mención de responsabilidad | |
| Nota al título y mención de responsabilidad | En port.: "Regalo a los señores suscriptores a La Ilustración Ibérica" |
| 700 1# - ENTRADA AGREGADA--NOMBRE PERSONAL | |
| Nombre de persona | Miralles, Hermenegildo. |
| 9 (RLIN) | 139228 |
| 700 1# - ENTRADA AGREGADA--NOMBRE PERSONAL | |
| Nombre de persona | Molinas, Ramón. |
| 9 (RLIN) | 130031 |
| 852 ## - LOCALIZACIÓN | |
| Ubicación | ES-MaACL |
| Número de control de estantería | B-4768 |
| Nota libre | - Enc. ed. en tela estampada de H. Miralles |
| 856 ## - LOCALIZACIÓN Y ACCESO ELECTRÓNICOS | |
| Identificador Uniforme de Recursos | <a href="http://www.archive.org/details/albumpoticocole00unkngoog ">http://www.archive.org/details/albumpoticocole00unkngoog </a> |
| Nota pública | Internet Archive |
| Estatus retirado | Estado de pérdida | Estado de daño | No para préstamo | Colección | Biblioteca de origen | Biblioteca actual | Ubicación en estantería | Fecha de adquisición | Fuente de adquisición | Total de préstamos | Signatura topográfica completa | Código de barras | Visto por última vez | Precio de reemplazo | Tipo de ítem Koha |
|---|---|---|---|---|---|---|---|---|---|---|---|---|---|---|---|
| Colección digital | Biblioteca del Ateneo de Madrid | Biblioteca del Ateneo de Madrid | Sala Pardo Bazán | 17/01/2008 | B-4768 | 1022301 | 23/02/2023 | 23/02/2023 | Libro impreso antiguo |
